• 首页
  • 本馆介绍
  • 公告通知
  • 最新文献
  • 馆藏检索
  • 电子资源
  • 读者导购
  • 参考咨询
  • 我的图书馆
  • 登录
  • 详细信息显示
  • 放入我的书架
  • 预约/预借图书
  • 作者相关作品
  • 分类相关作品
  • 丛书相关作品
  • 出版社相关作品

书目信息

  • 表格格式
  • 工作单格式
  • 卡片格式
题名:
仓央嘉措诗传
    
 
作者: 马辉 , 苗欣宇 著
分册:  
出版信息: 南京   江苏文艺出版社  2016
页数: 239页
开本: 24cm
丛书名:
单 册:
中图分类: I276.291.4
科图分类:
主题词: 藏族--cang zu--情歌(文学)--作品集--中国--清前期
电子资源:
ISBN: 978-7-5399-3288-0
000 00894nam0 22002411 450
001 0122100724
005 20170322100724.0
010    @a978-7-5399-3288-0@dCNY28.00
100    @a20161109d2016 em y0chiy50 ea
101 0  @achi
102    @aCN@b320000
105    @ay z 000gd
106    @ar
200 1  @a仓央嘉措诗传@9cang yang jia cuo shi chuan@f马辉,苗欣宇著
210    @a南京@c江苏文艺出版社@d2016
215    @a239页@d24cm
330    @a本书呈现的,是六世达赖喇嘛仓央嘉措的传奇人生,和藏传佛教史上引人注目的上师情歌。70首新译诗歌,一篇独特的传记,以及对仓央嘉措生平谜团和诗歌争议的破解与思考,这本书想要讲述的是一个真实的仓央嘉措。
606 0  @a藏族@9cang zu@x情歌(文学)@x作品集@y中国@z清前期
690    @aI276.291.4@v5
701  0 @a马辉@9ma hui@f(1962~)@4著
701  0 @a苗欣宇@9miao xin yu@f(1976~)@4著
801  0 @aCN@bTANGWEI@c20170308
905    @b0959170-3@dI276.291.4@e94@f4
    
    仓央嘉措诗传/马辉,苗欣宇著.-南京:江苏文艺出版社,2016
    239页;24cm
    
    
    ISBN 978-7-5399-3288-0:CNY28.00
    本书呈现的,是六世达赖喇嘛仓央嘉措的传奇人生,和藏传佛教史上引人注目的上师情歌。70首新译诗歌,一篇独特的传记,以及对仓央嘉措生平谜团和诗歌争议的破解与思考,这本书想要讲述的是一个真实的仓央嘉措。
●
相关链接 在E读中查询图书 在五车中查询图书 在当当中查询图书 在豆瓣中查询图书


正题名:仓央嘉措诗传     索取号:I276.291.4/94         预约/预借

序号 登录号 条形码 馆藏地/架位号 状态 备注
1 0959170   209591707   第一样本阅览室/ [索取号:I276.291.4/94] 在馆    
2 0959171   209591716   第二借阅区/ [索取号:I276.291.4/94] 在馆    
3 0959172   209591725   第二借阅区/ [索取号:I276.291.4/94] 在馆    
4 0959173   209591734   第二借阅区/ [索取号:I276.291.4/94] 在馆    
唐山师范学院图书馆 欢迎您!
大连网信软件有限公司© 版权所有